000 00621nam a2200205Ia 4500
003 OSt
005 20250820160645.0
008 210210b2001 xxu||||| |||| 00| 0 eng d
040 _cAL
041 _aKannada
082 _aK894.4 ANIN
100 _aANITA HULIYAR.
_dಅನಿತಾ ಹುಳಿಯಾರ್
_9220047
245 _aNimmi kalam: ankana barahagalu.
_bನಿಮ್ಮಿ ಕಾಲಂ : ಅಂಕಣ ಬರಹಗಳು
260 _aBiligere
_bNamma Prakashana
_c2001
300 _axiv,221
650 _aCollumn Writings
_9220048
690 _aKannada Prose
_9220049
906 _a056963
942 _2ddc
_cBK
999 _c104191
_d104191